[Event "6th Asia-ch"]
[Site "Cebu City PHI"]
[Date "2007.09.24"]
[Round "6.28"]
[White "Khader, Sami"]
[Black "Lalith Babu, Musunuri Rohit"]
[Result "1-0"]
[WhiteElo "2422"]
[BlackElo "2353"]
[EventDate "2007.09.19"]
[PlyCount "87"]

1.e4 c6 2.d4 d5 3.e5 Bf5 4.g4 Bd7 5.Bg2 h5 6.g5 Bf5 7.Nf3 e6 8.Nbd2 h4 9.
h3 Ne7 10.O-O Ng6 11.Nb3 Be7 12.Be3 Nd7 13.Nbd2 Ndf8 14.c4 Bd3 15.Re1 dxc4
16.Qc1 Nh7 17.Nxc4 Bxc4 18.Qxc4 Nxg5 19.Nd2 O-O 20.f4 Nh7 21.Rf1 Re8 22.
Be4 Nhf8 23.Rf2 Qd7 24.Raf1 f5 25.Bxf5 Qd5 26.Be4 Qxc4 27.Nxc4 Rac8 28.Rg2
Nh8 29.f5 exf5 30.Bxf5 Rcd8 31.Na5 Rb8 32.Bc2 Ne6 33.Bb3 Bb4 34.Rf6 Bxa5 
35.Bxe6+ Kh7 36.Bf5+ Kg8 37.Rh6 Kf7 38.e6+ Kg8 39.Rxh4 Bd8 40.Bh7+ Kf8 41.
Rf4+ Bf6 42.d5 b6 43.Rxf6+ gxf6 44.d6 1-0

[Event "6th Asia-ch"]
[Site "Cebu City PHI"]
[Date "2007.09.24"]
[Round "6.30"]
[White "Nadera, Barlo"]
[Black "Bagamasbad, Efren"]
[Result "1-0"]
[WhiteElo "2402"]
[BlackElo "2331"]
[EventDate "2007.09.19"]
[PlyCount "105"]

1.d4 Nf6 2.c4 e6 3.Nc3 Bb4 4.Qc2 Nc6 5.Nf3 d6 6.a3 Bxc3+ 7.Qxc3 Qe7 8.g3 
e5 9.d5 Nb8 10.Bg2 a5 11.b4 O-O 12.O-O axb4 13.axb4 Rxa1 14.Qxa1 Na6 15.
Ba3 b6 16.Nd2 Ne8 17.Qc3 f5 18.Nb3 Bd7 19.Ra1 f4 20.Bb2 Bc8 21.c5 Qf7 22.
cxd6 fxg3 23.fxg3 Nxd6 24.Rf1 Qe7 25.Rc1 Re8 26.Qd2 Bd7 27.Qe3 Nb5 28.Rc4 
Nxb4 29.Qxe5 Qxe5 30.Bxe5 Rxe5 31.Rxb4 Kf8 32.e4 Ke7 33.Nd2 Nd6 34.Kf2 b5 
35.Ke3 c5 36.dxc6 Bxc6 37.Kd4 Rh5 38.h4 Nf7 39.Bf3 Re5 40.Be2 Kd6 41.Bd3 
Nd8 42.Nf3 Ne6+ 43.Ke3 Rc5 44.Rb3 Kc7 45.Nd4 Nxd4 46.Kxd4 Kb6 47.Rb1 h6 
48.Rf1 g5 49.Rf6 gxh4 50.gxh4 b4 51.Bc4 Rh5 52.Bd5 Rxh4 53.Rxc6+ 1-0

[Event "6th Asia-ch"]
[Site "Cebu City PHI"]
[Date "2007.09.24"]
[Round "6.31"]
[White "Samhouri, Ahmad"]
[Black "Bayarmandah, Balgan"]
[Result "1-0"]
[WhiteElo "2362"]
[BlackElo "2208"]
[EventDate "2007.09.19"]
[PlyCount "117"]

1.c4 e5 2.Nc3 g6 3.d4 Bg7 4.dxe5 Bxe5 5.Nf3 Bg7 6.e4 d6 7.Bg5 f6 8.Be3 Nh6
9.h3 O-O 10.c5 Nf7 11.Bc4 Kh8 12.Qb3 Ne5 13.Nxe5 fxe5 14.cxd6 cxd6 15.Rd1 
a6 16.Qb4 Nc6 17.Qxd6 Nd4 18.Qxd8 Rxd8 19.O-O Bd7 20.Bd5 Bc6 21.Rd2 Rac8 
22.f4 Bxd5 23.Nxd5 Nc6 24.f5 gxf5 25.exf5 Nd4 26.Nc3 Bf8 27.Ne4 Bb4 28.
Rdd1 Rc2 29.Bg5 Rd5 30.f6 Bf8 31.f7 Kg7 32.Kh1 h6 33.Nf6 Rb5 34.Be3 Ne2 
35.Kh2 Rbxb2 36.Ng4 Nf4 37.Rg1 Nxg2 38.Nf2 Rxf2 39.Bxf2 Rxf2 40.Rxg2+ 
Rxg2+ 41.Kxg2 b5 42.Rd7 a5 43.Rd5 Kf6 44.Rxb5 a4 45.Kf3 a3 46.Rb7 Ke6 47.
Ke4 Kf6 48.Kd5 Bg7 49.Ra7 Bf8 50.Ra6+ Kxf7 51.Kxe5 Kg7 52.Kf5 Bc5 53.Ra5 
Be7 54.Ra7 Kf7 55.Rb7 h5 56.Ra7 h4 57.Ke5 Kf8 58.Ke6 Bc5 59.Ra5 1-0

[Event "6th Asia-ch"]
[Site "Cebu City PHI"]
[Date "2007.09.24"]
[Round "6.32"]
[White "Hussein, Noah A."]
[Black "Djinh Djuc Trong"]
[Result "1-0"]
[WhiteElo "2341"]
[BlackElo "2354"]
[EventDate "2007.09.19"]
[PlyCount "59"]

1.c4 g6 2.d4 Bg7 3.Nc3 Nc6 4.d5 Ne5 5.e4 d6 6.f4 Nd7 7.Nf3 c6 8.Bd3 Ngf6 
9.O-O O-O 10.Qe1 Nc5 11.Bc2 Qb6 12.Kh1 cxd5 13.e5 Nfd7 14.Nxd5 Qd8 15.Qh4 
f6 16.b4 e6 17.f5 exf5 18.exd6 Ne4 19.Ne7+ Kf7 20.Bxe4 fxe4 21.Ng5+ Ke8 
22.Ne6 Qb6 23.c5 Qxb4 24.Nxg7+ Kf7 25.Qxh7 Ne5 26.Bf4 Bf5 27.Ngxf5+ Ke6 
28.Ng7+ Kd7 29.Bxe5 fxe5 30.Qh3+ 1-0

[Event "6th Asia-ch"]
[Site "Cebu City PHI"]
[Date "2007.09.24"]
[Round "6.33"]
[White "Russell, Majwuana Kankanamge Athula"]
[Black "Lanka, Ravi"]
[Result "1/2-1/2"]
[WhiteElo "2220"]
[BlackElo "2404"]
[EventDate "2007.09.19"]
[PlyCount "144"]

1.d4 d5 2.c4 dxc4 3.Nf3 c5 4.e3 Nf6 5.Bxc4 cxd4 6.O-O e6 7.exd4 Be7 8.Nc3 
O-O 9.Bg5 Nc6 10.Qd2 a6 11.Qf4 b5 12.Bd3 Nb4 13.Bb1 Bb7 14.Qh4 g6 15.Ne4 
Nbd5 16.Nc5 Ra7 17.a4 bxa4 18.Rxa4 Bc6 19.Ra3 Nh5 20.Bxe7 Qxe7 21.Qxe7 
Nxe7 22.Ne5 Rb8 23.b3 Nf4 24.Rd1 Bxg2 25.Ncd3 Nxd3 26.Bxd3 Bd5 27.Bc4 Rb6 
28.Rda1 Nf5 29.Bxd5 exd5 30.Rd1 Kg7 31.Ra5 f6 32.Ng4 Rb5 33.Ra3 a5 34.Ne3 
Nh4 35.f4 Rc7 36.Rd3 f5 37.Ra1 h6 38.Kf2 g5 39.Kg3 Kf6 40.Rf1 Kg6 41.Ng2 
Nxg2 42.Kxg2 Rc2+ 43.Rf2 Rxf2+ 44.Kxf2 gxf4 45.Kf3 Kg5 46.h4+ Kf6 47.Rc3 
Rb6 48.Kxf4 Re6 49.Kf3 Re4 50.Rc6+ Kg7 51.h5 Rxd4 52.Rg6+ Kh7 53.Ra6 Rh4 
54.Rxa5 Rxh5 55.Kf4 d4 56.b4 d3 57.Rd5 Rh4+ 58.Ke5 Kg6 59.b5 Rb4 60.Kd6 d2
61.Kc6 Rc4+ 62.Kd6 Rc8 63.Kd7 Rc5 64.Rd6+ Kf7 65.b6 Rc2 66.b7 Rb2 67.Kc7 
Ke7 68.Rd7+ Ke6 69.Rxd2 Rxb7+ 70.Kxb7 Ke5 71.Rh2 f4 72.Kc6 f3 1/2-1/2

[Event "6th Asia-ch"]
[Site "Cebu City PHI"]
[Date "2007.09.24"]
[Round "6.35"]
[White "Maga, Mirabeau"]
[Black "Tolentino, Rustum"]
[Result "0-1"]
[WhiteElo "2361"]
[BlackElo "2276"]
[EventDate "2007.09.19"]
[PlyCount "102"]

1.Nf3 f5 2.c4 Nf6 3.g3 b6 4.Bg2 Bb7 5.d4 e6 6.O-O Be7 7.d5 Qc8 8.Nc3 O-O 
9.Nd4 c5 10.Nc2 Ne8 11.f4 Bf6 12.Qd3 Na6 13.a3 Nac7 14.Rd1 Rb8 15.Rb1 Nd6 
16.Bd2 Re8 17.Ne3 Bd4 18.Kf1 Ba6 19.b3 b5 20.a4 bxc4 21.Nxc4 Qd8 22.Nb5 
Ndxb5 23.axb5 Bxb5 24.e3 Bf6 25.Ba5 Qc8 26.Kf2 Na8 27.Bc3 Bxc4 28.bxc4 
Bxc3 29.Qxc3 Rxb1 30.Rxb1 Nb6 31.Ra1 Qc7 32.Qd3 Nc8 33.h4 Nd6 34.Ra6 e5 
35.Qa3 exf4 36.gxf4 Kh8 37.Rxa7 Qd8 38.Kg3 Nxc4 39.Qxc5 Nxe3 40.Bf3 Nf1+ 
41.Kg2 Nd2 42.Bh5 Ne4 43.Qc4 Rf8 44.Qb4 Rg8 45.Kh3 Nf6 46.Bf3 Qe8 47.Qd4 
Qg6 48.Ra1 h5 49.d6 Rb8 50.Qa7 Rb3 51.Kh2 Rb2+ 0-1

[Event "6th Asia-ch"]
[Site "Cebu City PHI"]
[Date "2007.09.24"]
[Round "6.36"]
[White "Fancy, Stuart"]
[Black "Yueh Wei Po"]
[Result "1/2-1/2"]
[WhiteElo "2152"]
[BlackElo "2044"]
[EventDate "2007.09.19"]
[PlyCount "20"]

1.e4 c5 2.Nf3 d6 3.Be2 Nf6 4.Nc3 a6 5.O-O e5 6.a4 Nc6 7.d3 h6 8.Nd5 Be6 9.
c4 Be7 10.Bd2 O-O 1/2-1/2

[Event "6th Asia-ch"]
[Site "Cebu City PHI"]
[Date "2007.09.25"]
[Round "7.3"]
[White "Zhou Jianchao"]
[Black "Gopal, Geetha Narayanan"]
[Result "1-0"]
[WhiteElo "2572"]
[BlackElo "2480"]
[EventDate "2007.09.19"]
[PlyCount "71"]

1.d4 Nf6 2.c4 g6 3.Nc3 d5 4.Bg5 Ne4 5.Bh4 Nxc3 6.bxc3 dxc4 7.Qa4+ Qd7 8.
Qxc4 Bg7 9.Nf3 b6 10.Bg3 Nc6 11.e3 Bb7 12.Rd1 O-O 13.Be2 Rac8 14.O-O Na5 
15.Qb4 Qe6 16.Qa3 c5 17.Rfe1 cxd4 18.exd4 Qd5 19.Bf1 e6 20.Ne5 Nc4 21.Nxc4
Rxc4 22.Qxa7 Rxc3 23.Qxb6 Ra3 24.Rd2 Rfa8 25.Rb1 Ba6 26.Qc5 Qe4 27.Rdb2 
Bxd4 28.Rb8+ Rxb8 29.Rxb8+ Kg7 30.Qf8+ Kf6 31.Qxa3 Bxf1 32.Kxf1 Qc2 33.
Qf3+ Kg7 34.Qe2 Qc1+ 35.Qe1 Qc4+ 36.Kg1 1-0

[Event "6th Asia-ch"]
[Site "Cebu City PHI"]
[Date "2007.09.25"]
[Round "7.5"]
[White "Filippov, Anton"]
[Black "Al-Modiahki, Mohamad"]
[Result "1/2-1/2"]
[WhiteElo "2481"]
[BlackElo "2563"]
[EventDate "2007.09.19"]
[PlyCount "98"]

1.e4 c5 2.Nf3 Nc6 3.Bb5 d6 4.O-O Bd7 5.Re1 a6 6.Bxc6 Bxc6 7.d4 cxd4 8.Nxd4
g6 9.Nxc6 bxc6 10.Qd4 Nf6 11.Qa4 Qd7 12.Na3 Bg7 13.Bd2 O-O 14.Rad1 c5 15.
Qc4 Ng4 16.Bc3 Ne5 17.Qd5 Qa4 18.Bxe5 Bxe5 19.Nc4 Bd4 20.Nb6 Qxc2 21.Nxa8 
Bxf2+ 22.Kh1 Bxe1 23.Rxe1 Qxb2 24.Qc6 Qb5 25.Qxb5 axb5 26.Nc7 b4 27.Kg1 
Rc8 28.Nd5 Kf8 29.Nb6 Rc6 30.Nc4 Ra6 31.Re2 e6 32.Kf2 Ke7 33.g4 f6 34.Kf3 
Kf7 35.Rd2 Ke7 36.h4 f5 37.gxf5 gxf5 38.exf5 d5 39.Ne5 c4 40.Ke3 c3 41.Rf2
exf5 42.Nd3 Ra4 43.Nc1 Ke6 44.Rf4 Kf6 45.Rd4 Ke6 46.Rf4 Kf6 47.Rd4 Ke6 48.
Nd3 Rxa2 49.Rxb4 Rh2 1/2-1/2

[Event "6th Asia-ch"]
[Site "Cebu City PHI"]
[Date "2007.09.25"]
[Round "7.6"]
[White "Torre, Eugenio"]
[Black "Neelotpal, Das"]
[Result "0-1"]
[WhiteElo "2536"]
[BlackElo "2485"]
[EventDate "2007.09.19"]
[PlyCount "82"]

1.d4 d5 2.Bg5 f6 3.Bf4 Nc6 4.e3 e5 5.Bg3 exd4 6.exd4 Qe7+ 7.Ne2 Bf5 8.c3 
h5 9.h3 h4 10.Bh2 O-O-O 11.Na3 g6 12.Qd2 Bh6 13.Bf4 g5 14.Be3 Bf8 15.Nc1 
Nh6 16.Bb5 Qe6 17.Nd3 Na5 18.b4 c6 19.Ba4 Qe4 20.Nb2 Qxg2 21.O-O-O Bxh3 
22.Rdg1 Qf3 23.Bd1 Qf5 24.Be2 Bg4 25.f3 Bh5 26.Rf1 Qe6 27.Re1 Nf5 28.Nc2 
Nc4 29.Bxc4 dxc4 30.Bxg5 Qf7 31.Bf4 Bxf3 32.Rhf1 Bd5 33.a4 Ng3 34.Rg1 Bd6 
35.Bxd6 Rxd6 36.Qf4 Re6 37.Ne3 Re4 38.Qf2 Rhe8 39.Nbd1 f5 40.Kb2 f4 41.Nc2
Re2 0-1

[Event "6th Asia-ch"]
[Site "Cebu City PHI"]
[Date "2007.09.25"]
[Round "7.7"]
[White "Deepan Chakravarthy, Jeyakumar"]
[Black "Kunte, Abhijit"]
[Result "1/2-1/2"]
[WhiteElo "2479"]
[BlackElo "2519"]
[EventDate "2007.09.19"]
[PlyCount "93"]

1.e4 e5 2.Nf3 Nc6 3.Bb5 a6 4.Ba4 Nf6 5.O-O Be7 6.Re1 b5 7.Bb3 d6 8.c3 O-O 
9.h3 Nb8 10.d4 Nbd7 11.Nbd2 Bb7 12.Bc2 Re8 13.Nf1 Bf8 14.Ng3 g6 15.b3 c6 
16.a4 Qc7 17.Bd3 Bg7 18.Qc2 d5 19.exd5 Nxd5 20.Bd2 exd4 21.cxd4 Nf8 22.Re4
Rxe4 23.Bxe4 Qd6 24.Rd1 Ne6 25.Bc1 Rd8 26.Bb2 Ndf4 27.axb5 axb5 28.Re1 Nd5
29.Bxd5 Qxd5 30.Ne4 Qf5 31.Qc1 c5 32.Nxc5 Bxf3 33.Nxe6 fxe6 34.gxf3 Qxh3 
35.Qc6 Qf5 36.Qxe6+ Qxe6 37.Rxe6 Bxd4 38.Bxd4 Rxd4 39.Re5 b4 40.Rb5 Kg7 
41.Kf1 h5 42.Ke2 h4 43.Ke3 Rd8 44.Rxb4 h3 45.Ra4 Rh8 46.Ra1 Kf6 47.Kf4 
1/2-1/2

[Event "6th Asia-ch"]
[Site "Cebu City PHI"]
[Date "2007.09.25"]
[Round "7.8"]
[White "Hossain, Enamul"]
[Black "Ghaem Maghami, Ehsan"]
[Result "1-0"]
[WhiteElo "2485"]
[BlackElo "2610"]
[EventDate "2007.09.19"]
[PlyCount "79"]

1.e4 c5 2.Nf3 d6 3.d4 cxd4 4.Nxd4 Nf6 5.Nc3 a6 6.Bg5 e6 7.f4 Qc7 8.Bxf6 
gxf6 9.Qd2 Nc6 10.O-O-O Bd7 11.Kb1 O-O-O 12.Be2 h5 13.Nb3 Kb8 14.Rhf1 Be7 
15.Rf3 Rdg8 16.Bf1 Na5 17.Qf2 Rc8 18.Rh3 Nxb3 19.axb3 Qc5 20.Qe2 h4 21.f5 
Bd8 22.g4 Qe5 23.Rhd3 Be7 24.h3 Rc7 25.Qf2 Qc5 26.Qd2 Rhc8 27.Rd4 b5 28.b4
Qe5 29.Qf2 Rh8 30.Ne2 Bc6 31.Bg2 Bb7 32.Nf4 Rg8 33.Re1 Rc4 34.c3 Rc7 35.
Rd3 Bd8 36.Rde3 d5 37.exd5 Qd6 38.dxe6 Bxg2 39.Nxg2 fxe6 40.fxe6 1-0

[Event "6th Asia-ch"]
[Site "Cebu City PHI"]
[Date "2007.09.25"]
[Round "7.10"]
[White "Utut Adianto"]
[Black "Bagheri, Amir"]
[Result "1-0"]
[WhiteElo "2583"]
[BlackElo "2495"]
[EventDate "2007.09.19"]
[PlyCount "93"]

1.d4 Nf6 2.c4 e6 3.Nf3 Bb4+ 4.Nbd2 b6 5.g3 Bb7 6.Bg2 O-O 7.O-O d5 8.Ne5 
Bd6 9.Ndf3 dxc4 10.Nxc4 Nbd7 11.Nxd6 cxd6 12.Bf4 Qe7 13.Rc1 Rfc8 14.Qa4 a5
15.Qa3 Ne8 16.Ne5 Bxg2 17.Kxg2 Ndf6 18.Nc4 Qb7+ 19.f3 d5 20.Ne5 h6 21.g4 
Nh7 22.Nd3 Nf8 23.Qb3 Qa6 24.Qa3 Ng6 25.Bg3 Rxc1 26.Rxc1 Rc8 27.Qa4 b5 28.
Qd1 Rxc1 29.Qxc1 b4 30.Qc5 f6 31.b3 Kf7 32.h4 h5 33.gxh5 Ne7 34.Kf2 Nf5 
35.Bf4 Nxh4 36.h6 gxh6 37.Bxh6 Ng6 38.Ke1 Ne7 39.Bf4 Ng6 40.Bc7 Nxc7 41.
Qxc7+ Ne7 42.Nc5 Qa8 43.Nb7 a4 44.Nd6+ Kf8 45.Kf2 axb3 46.axb3 e5 47.Qd7 
1-0

[Event "6th Asia-ch"]
[Site "Cebu City PHI"]
[Date "2007.09.25"]
[Round "7.11"]
[White "Sandipan, Chanda"]
[Black "Tu Hoang Thong"]
[Result "1-0"]
[WhiteElo "2563"]
[BlackElo "2483"]
[EventDate "2007.09.19"]
[PlyCount "96"]

1.e4 e5 2.Nf3 Nc6 3.Bc4 Nf6 4.d3 h6 5.O-O d6 6.c3 g6 7.d4 Qe7 8.Re1 Bg7 9.
Nbd2 O-O 10.Bb3 Nh5 11.Nf1 Bg4 12.d5 Nb8 13.h3 Bc8 14.Bc2 Nd7 15.Be3 Ndf6 
16.Rc1 c6 17.c4 c5 18.Qd2 g5 19.N3h2 a5 20.f3 Nf4 21.Ng3 Re8 22.Ba4 Rd8 
23.Nf5 Qf8 24.h4 Bxf5 25.exf5 gxh4 26.Bxf4 exf4 27.Qxf4 h3 28.gxh3 Kh8 29.
Kh1 Nh7 30.Ng4 Nf6 31.Re2 h5 32.Rce1 hxg4 33.hxg4 Nh7 34.g5 Be5 35.Qh4 Qg7
36.f4 Bxf4 37.Qxf4 Qxg5 38.Qxg5 Nxg5 39.f6 Nf3 40.Rf1 Ne5 41.Rh2+ Kg8 42.
Rg1+ Ng6 43.Re1 Kf8 44.Kg2 Kg8 45.Kf3 Ra6 46.Reh1 Raa8 47.Rh7 Re8 48.Bxe8 
Rxe8 1-0

[Event "6th Asia-ch"]
[Site "Cebu City PHI"]
[Date "2007.09.25"]
[Round "7.12"]
[White "Mahjoobzardast, Morteza"]
[Black "Li Shilong"]
[Result "1/2-1/2"]
[WhiteElo "2479"]
[BlackElo "2550"]
[EventDate "2007.09.19"]
[PlyCount "126"]

1.e4 c5 2.c3 d6 3.d4 Nf6 4.Bd3 g6 5.h3 Bg7 6.Nf3 O-O 7.O-O Nc6 8.Re1 cxd4 
9.cxd4 e5 10.dxe5 dxe5 11.Nc3 Be6 12.Be3 Nh5 13.Bf1 Nf4 14.Kh2 Qf6 15.Nd5 
Bxd5 16.exd5 Nd4 17.Nxd4 exd4 18.Bxf4 Qxf4+ 19.Kg1 h5 20.g3 Qg5 21.Bg2 h4 
22.gxh4 Qxh4 23.Rc1 Qd8 24.Qb3 Qd7 25.h4 Rae8 26.Qf3 Qd6 27.h5 gxh5 28.
Qxh5 Qf4 29.Rcd1 Re5 30.Rxe5 Qxe5 31.Qg4 Re8 32.Rd3 Qf6 33.Rg3 Rd8 34.Be4 
Rd6 35.Qc8+ Rd8 36.Qxb7 Re8 37.Bf3 d3 38.Qb5 Re1+ 39.Kg2 d2 40.Qb8+ Kh7 
41.Qb3 Qxb2 42.Qd3+ Kh8 43.Qf5 Qc1 44.Qxf7 Rg1+ 45.Kh2 Rxg3 46.fxg3 Qc5 
47.Kg2 Qf8 48.Qh5+ Bh6 49.Qe5+ Bg7 50.Qe3 Bh6 51.Qd4+ Qg7 52.Qb4 Qf6 53.
Qg4 Bf8 54.Qh4+ Kg7 55.Qg4+ Kf7 56.Qh5+ Ke7 57.Qh7+ Bg7 58.Qe4+ Kd8 59.Qd3
Qb2 60.Kh3 Qf6 61.Bg4 Qh6+ 62.Kg2 Qg5 63.Qe4 Be5 1/2-1/2

[Event "6th Asia-ch"]
[Site "Cebu City PHI"]
[Date "2007.09.25"]
[Round "7.13"]
[White "Djao Thien Hai"]
[Black "Laylo, Darwin"]
[Result "0-1"]
[WhiteElo "2537"]
[BlackElo "2486"]
[EventDate "2007.09.19"]
[PlyCount "126"]

1.d4 d5 2.c4 c6 3.Nf3 Nf6 4.Nc3 a6 5.a4 e6 6.Bg5 Be7 7.e3 O-O 8.Bd3 h6 9.
Bh4 c5 10.dxc5 dxc4 11.Bxc4 Qxd1+ 12.Rxd1 Bxc5 13.O-O Nc6 14.Nd2 Be7 15.
Be2 Nd5 16.Nxd5 exd5 17.Bxe7 Nxe7 18.Rc1 Nc6 19.Nb3 Rb8 20.Rfd1 Rd8 21.h3 
Kf8 22.g4 g6 23.Rc3 Be6 24.Nc5 Rd6 25.Bf3 Ke7 26.Bg2 a5 27.Bf1 d4 28.exd4 
Nxd4 29.Rcd3 Nf3+ 30.Kg2 Rxd3 31.Bxd3 Ne5 32.Be4 b5 33.Ra1 bxa4 34.Rxa4 
Rb5 35.Nxe6 Kxe6 36.b3 g5 37.Rd4 Ke7 38.Bc2 Nd7 39.h4 Nf8 40.hxg5 hxg5 41.
Bf5 Rxb3 42.f4 gxf4 43.Rxf4 Rb4 44.Rxb4 axb4 45.Kf3 Ne6 46.Ke4 Kd6 47.Kd3 
Kd5 48.Be4+ Kc5 49.Bf5 Nd4 50.Bh7 Nf3 51.Ke3 Ne5 52.Bf5 b3 53.g5 Kc4 54.
Be4 Kc3 55.Ke2 Ng6 56.Ke3 b2 57.Bb1 Ne7 58.Ke2 Nd5 59.Ke1 Ne3 60.Kf2 Kd2 
61.Kf3 Nc2 62.Ke4 Kc1 63.Ba2 Nb4 0-1

[Event "6th Asia-ch"]
[Site "Cebu City PHI"]
[Date "2007.09.25"]
[Round "7.14"]
[White "Batchuluun, Cegmed"]
[Black "Li Chao"]
[Result "1-0"]
[WhiteElo "2415"]
[BlackElo "2529"]
[EventDate "2007.09.19"]
[PlyCount "79"]

1.Nf3 Nf6 2.c4 g6 3.Nc3 d5 4.cxd5 Nxd5 5.e4 Nxc3 6.dxc3 Qxd1+ 7.Kxd1 Bg7 
8.Bf4 c6 9.Kc2 Nd7 10.Bc4 b5 11.Be2 Nc5 12.Nd2 a5 13.Be3 Na4 14.Nb3 b4 15.
Nc5 Nxc5 16.Bxc5 bxc3 17.bxc3 Be6 18.Rhb1 O-O 19.Rb7 Rfb8 20.Rxb8+ Rxb8 
21.Bxe7 f5 22.Bd6 Re8 23.e5 Bd5 24.Bf3 Bxf3 25.gxf3 Kf7 26.f4 g5 27.Rg1 g4
28.Kd3 Ke6 29.f3 h5 30.fxg4 hxg4 31.h3 Rd8 32.hxg4 Bh6 33.Ke3 Rh8 34.Kf3 
Rd8 35.Rh1 fxg4+ 36.Kxg4 Rg8+ 37.Kf3 Bf8 38.Bxf8 Rxf8 39.Ke4 Rg8 40.Rh7 
1-0

[Event "6th Asia-ch"]
[Site "Cebu City PHI"]
[Date "2007.09.25"]
[Round "7.18"]
[White "Ganguly, Surya Shekhar"]
[Black "Girinath, P. D. S."]
[Result "1-0"]
[WhiteElo "2586"]
[BlackElo "2440"]
[EventDate "2007.09.19"]
[PlyCount "63"]

1.e4 e6 2.d4 d5 3.Nc3 Nf6 4.Bg5 Bb4 5.e5 h6 6.Bd2 Bxc3 7.bxc3 Ne4 8.Qg4 g6
9.Bd3 Nxd2 10.Kxd2 c5 11.a4 c4 12.Be2 a5 13.h4 Bd7 14.h5 g5 15.f4 f5 16.
exf6 e5 17.Qf3 e4 18.Qe3 g4 19.f5 Ra6 20.Qf4 Rxf6 21.Qe5+ Kf7 22.Qxd5+ Kg7
23.Bxg4 Re8 24.Rh3 Qc7 25.Be2 Rxf5 26.Qxc4 e3+ 27.Rxe3 Qf4 28.Qd3 Rg5 29.
Bf3 Bc6 30.Nh3 Qh4 31.Nxg5 Qxg5 32.Qg6+ 1-0

[Event "6th Asia-ch"]
[Site "Cebu City PHI"]
[Date "2007.09.25"]
[Round "7.19"]
[White "Sadorra, Julio"]
[Black "Xu Jun"]
[Result "1/2-1/2"]
[WhiteElo "2421"]
[BlackElo "2574"]
[EventDate "2007.09.19"]
[PlyCount "55"]

1.Nf3 d5 2.d4 Nf6 3.c4 e6 4.Nc3 dxc4 5.e4 Bb4 6.Bg5 c5 7.Bxc4 cxd4 8.Nxd4 
Qa5 9.Bd2 Qc5 10.Bb5+ Nbd7 11.Nb3 Qb6 12.Qe2 a6 13.Bd3 Ne5 14.Bc2 Bd7 15.
f4 Ng6 16.e5 Bxc3 17.bxc3 Nd5 18.c4 Ndxf4 19.Qf1 Ba4 20.c5 Qd8 21.Bxf4 
Bxb3 22.axb3 Qd4 23.Ra4 Qc3+ 24.Kd1 O-O-O+ 25.Kc1 Rd4 26.Rxd4 Qa1+ 27.Bb1 
Qc3+ 28.Bc2 1/2-1/2

[Event "6th Asia-ch"]
[Site "Cebu City PHI"]
[Date "2007.09.25"]
[Round "7.21"]
[White "Ardeshi, Mehrdad"]
[Black "Moradiabadi, Elshan"]
[Result "1/2-1/2"]
[WhiteElo "2407"]
[BlackElo "2540"]
[EventDate "2007.09.19"]
[PlyCount "121"]

1.e4 e5 2.Nf3 Nc6 3.d4 exd4 4.Nxd4 Bc5 5.Be3 Qf6 6.c3 Nge7 7.Bc4 Ne5 8.Be2
d6 9.O-O Qg6 10.Kh1 Ng4 11.Bc1 Bd7 12.f4 h5 13.f5 Qf6 14.Bxg4 hxg4 15.Qxg4
Rh4 16.Qf3 Nc6 17.Bf4 O-O-O 18.Nb3 Bb6 19.Bg3 Rh7 20.N1d2 Ne5 21.Bxe5 Qxe5
22.h3 Bc6 23.Nc4 Qxe4 24.Nxb6+ axb6 25.Qxe4 Bxe4 26.Kh2 Kd7 27.Nd2 Bd5 28.
c4 Bc6 29.Rae1 b5 30.Rf2 bxc4 31.Nxc4 Ra8 32.Rfe2 Rf8 33.b3 Rh4 34.Rd2 Re4
35.Rxe4 Bxe4 36.g4 b5 37.Ne3 g5 38.Kg3 Rh8 39.Nd1 c5 40.Nf2 Bc6 41.Nd3 Ke7
42.Re2+ Kd8 43.Rd2 Kc7 44.Re2 Re8 45.Rxe8 Bxe8 46.h4 gxh4+ 47.Kxh4 c4 48.
bxc4 bxc4 49.Nc1 d5 50.Kg5 Kd6 51.Kf4 d4 52.g5 d3 53.Ke3 Ke5 54.g6 f6 55.
g7 Bf7 56.a4 Kxf5 57.a5 Kg6 58.Na2 Kxg7 59.Nc3 Be8 60.Kd4 d2 61.a6 1/2-1/2

[Event "6th Asia-ch"]
[Site "Cebu City PHI"]
[Date "2007.09.25"]
[Round "7.22"]
[White "Rohit, Goginenni"]
[Black "Khader, Sami"]
[Result "1-0"]
[WhiteElo "2470"]
[BlackElo "2422"]
[EventDate "2007.09.19"]
[PlyCount "107"]

1.e4 c5 2.Nf3 Nc6 3.Bb5 g6 4.Bxc6 dxc6 5.d3 Bg7 6.h3 Nh6 7.Nc3 b6 8.Be3 f6
9.Qd2 Nf7 10.Nh2 e5 11.O-O-O Be6 12.g4 Qd7 13.Nf1 h5 14.Nh2 O-O-O 15.f3 
hxg4 16.hxg4 Rh3 17.Qg2 Rdh8 18.Rdg1 Ng5 19.Nf1 Rxh1 20.Rxh1 Rxh1 21.Qxh1 
Bg8 22.Nd2 Ne6 23.Nd1 Nd4 24.c3 Nb5 25.Kc2 Nd6 26.b3 Nf7 27.Nb2 Qb7 28.Qh4
Qe7 29.a3 Bf8 30.Ndc4 Qe6 31.Qh1 b5 32.Na5 Nd8 33.c4 Nf7 34.b4 cxb4 35.
axb4 Bxb4 36.Qa1 Qd7 37.Nb3 Ng5 38.Bc5 bxc4 39.dxc4 Qb7 40.Bxb4 Qxb4 41.
Qxa7 Qb7 42.Qa3 Ne6 43.Nd3 Nd8 44.Nbc5 Qb6 45.Qa8+ Kc7 46.Kc3 Be6 47.Nb4 
Bc8 48.Qa3 Nb7 49.Nba6+ Kd8 50.Nxb7+ Bxb7 51.Qf8+ Kd7 52.Nc5+ Kc7 53.Qe7+ 
Kc8 54.Qe8+ 1-0

[Event "6th Asia-ch"]
[Site "Cebu City PHI"]
[Date "2007.09.25"]
[Round "7.23"]
[White "Zhou Weiqi"]
[Black "Bancod, Ronald"]
[Result "1-0"]
[WhiteElo "2469"]
[BlackElo "2373"]
[EventDate "2007.09.19"]
[PlyCount "122"]

1.e4 c5 2.Nf3 d6 3.Bc4 Nf6 4.d3 Nc6 5.Nbd2 e6 6.O-O Be7 7.c3 O-O 8.Bb3 b6 
9.Re1 Ba6 10.Nf1 Re8 11.Ng3 Ne5 12.Bc2 Qc7 13.h3 Ng6 14.Bg5 h6 15.Be3 Red8
16.Rc1 b5 17.d4 e5 18.d5 Rab8 19.Nf5 Bf8 20.Qd2 b4 21.Bb1 bxc3 22.Rxc3 Rb4
23.Ng3 Rdb8 24.b3 Bc8 25.Qc1 a5 26.Nd2 Qd8 27.Bc2 Nh7 28.Nc4 Ba6 29.a3 
R4b7 30.Nf5 a4 31.bxa4 Bxc4 32.Rxc4 Ne7 33.Ng3 Ng6 34.Qd2 Be7 35.a5 Ra7 
36.Nf5 Rxa5 37.a4 Ra6 38.Nxe7+ Qxe7 39.a5 Ng5 40.Bd3 Rba8 41.Ra4 R6a7 42.
Raa1 Qf6 43.Bxg5 hxg5 44.g3 g4 45.hxg4 Qf3 46.Bf1 Qxg4 47.Bg2 Nf8 48.Ra3 
Nd7 49.Bf3 Qh3 50.Qe2 Nb8 51.Rb1 Na6 52.Rb6 Nb4 53.Rxd6 Rxa5 54.Bg4 Qxg4 
55.Qxg4 Rxa3 56.Qg5 Nd3 57.Rd8+ Rxd8 58.Qxd8+ Kh7 59.Qh4+ Kg8 60.d6 f6 61.
d7 Ra8 1-0

[Event "6th Asia-ch"]
[Site "Cebu City PHI"]
[Date "2007.09.25"]
[Round "7.25"]
[White "Arun Prasad, Subramanian"]
[Black "Toufighi, Homayoon"]
[Result "1-0"]
[WhiteElo "2448"]
[BlackElo "2391"]
[EventDate "2007.09.19"]
[PlyCount "91"]

1.d4 e6 2.c4 Nf6 3.Nf3 b6 4.g3 Bb7 5.Bg2 Be7 6.Nc3 O-O 7.O-O d5 8.Ne5 Nbd7
9.Qa4 c6 10.f4 c5 11.e3 cxd4 12.exd4 Nxe5 13.fxe5 Ne4 14.Nxe4 dxe4 15.Be3 
Bg5 16.Bxg5 Qxg5 17.Rf4 Rfd8 18.Rd1 Qg6 19.Qc2 Rac8 20.Qe2 Rc7 21.b3 b5 
22.c5 Bc6 23.Bxe4 Bxe4 24.Rxe4 a6 25.Rf1 Qg5 26.Rff4 Qe7 27.Kg2 Rcd7 28.
Rg4 Rd5 29.Qe3 Qb7 30.Qh6 g6 31.Kg1 Rf8 32.Ref4 Qd7 33.Re4 a5 34.Qe3 Re8 
35.Rgf4 b4 36.h4 h6 37.Kh2 Kg7 38.Qf2 Kg8 39.c6 Qe7 40.Rf6 Rf8 41.h5 gxh5 
42.Qf4 Rfd8 43.Rxh6 Qf8 44.c7 Rc8 45.Qg5+ Qg7 46.Qxh5 1-0

[Event "6th Asia-ch"]
[Site "Cebu City PHI"]
[Date "2007.09.25"]
[Round "7.26"]
[White "Bitoon, Richard"]
[Black "Nouri, Hamed"]
[Result "1/2-1/2"]
[WhiteElo "2399"]
[BlackElo "2426"]
[EventDate "2007.09.19"]
[PlyCount "36"]

1.e4 g6 2.d4 Bg7 3.Nf3 d6 4.Bd3 Nc6 5.c3 e5 6.dxe5 dxe5 7.Qe2 Qe7 8.a4 Bg4
9.Nbd2 Bh6 10.h3 Bxf3 11.Nxf3 Bxc1 12.Rxc1 Qf6 13.Bb5 Ne7 14.O-O O-O 15.
Rcd1 Rad8 16.Qc4 Rd6 17.Rxd6 Qxd6 18.Bxc6 Nxc6 1/2-1/2

[Event "6th Asia-ch"]
[Site "Cebu City PHI"]
[Date "2007.09.25"]
[Round "7.27"]
[White "Nadera, Barlo"]
[Black "Samhouri, Ahmad"]
[Result "0-1"]
[WhiteElo "2402"]
[BlackElo "2362"]
[EventDate "2007.09.19"]
[PlyCount "110"]

1.d4 d5 2.Nf3 Nf6 3.c4 c6 4.Qc2 dxc4 5.Qxc4 Bf5 6.Nc3 Nbd7 7.g3 e6 8.Bg2 
Be7 9.O-O Ne4 10.e3 O-O 11.Rd1 Qa5 12.Nd2 Nxc3 13.bxc3 Bc2 14.Nb3 Nb6 15.
Nxa5 Nxc4 16.Rd2 Nxd2 17.Bxd2 Rab8 18.Rc1 Ba4 19.Rb1 Rfc8 20.e4 b5 21.h4 
Bd8 22.Nb3 Bxb3 23.axb3 a5 24.Ra1 c5 25.Bf4 Bc7 26.Be3 cxd4 27.cxd4 Bb6 
28.Bf1 Rc3 29.Bxb5 Rxb3 30.Bc6 Rb4 31.Kg2 Rc8 32.d5 Bxe3 33.fxe3 Rxe4 34.
Kf3 exd5 35.Bxd5 Re7 36.Rxa5 g6 37.e4 Rc6 38.Kf4 h5 39.g4 hxg4 40.Kxg4 Rc1
41.Ra3 Rf1 42.Kg3 Kg7 43.Kg2 Rf6 44.Kg3 Rc7 45.Rb3 Rc1 46.e5 Rf5 47.Re3 
Rc8 48.Bb3 Re8 49.e6 Kf6 50.h5 gxh5 51.Re1 fxe6 52.Bc2 Rg8+ 53.Kh3 Rf3+ 
54.Kh4 Rg4+ 55.Kxh5 Rg2 0-1

[Event "6th Asia-ch"]
[Site "Cebu City PHI"]
[Date "2007.09.25"]
[Round "7.28"]
[White "Nguyen Anh Dung"]
[Black "Hussein, Noah A."]
[Result "1-0"]
[WhiteElo "2537"]
[BlackElo "2341"]
[EventDate "2007.09.19"]
[PlyCount "81"]

1.e4 e5 2.Nf3 Nf6 3.d4 Nxe4 4.Bd3 d5 5.Nxe5 Nd7 6.Nxd7 Bxd7 7.O-O Qh4 8.c4
O-O-O 9.Nc3 Bd6 10.f4 Nxc3 11.bxc3 dxc4 12.Bxc4 Bc6 13.Bxf7 Rhf8 14.Be6+ 
Kb8 15.Qg4 Qxg4 16.Bxg4 Bb5 17.Rf2 c5 18.Be6 cxd4 19.cxd4 Bc5 20.Be3 Bxd4 
21.Bxd4 Rxd4 22.f5 Kc7 23.Rc1+ Kd6 24.h3 Bc6 25.Rc3 Ke5 26.Re2+ Kf6 27.Bb3
Rd6 28.Rce3 Rfd8 29.g4 Kg5 30.Kf2 Kf4 31.Rc3 h5 32.gxh5 Kxf5 33.Rg3 R8d7 
34.h4 Be4 35.Rge3 Bd5 36.Ba4 Bc6 37.Re5+ Kf6 38.Bc2 Kf7 39.Bb3+ Bd5 40.
Rxd5 Rxd5 41.Re5 1-0